Loading...
| Philosophy | 0 | 10 | 1 | 1 | 95 | 67 | 108.20 | 0 | 4 | 12.18 | 42.00 |
| Literature - European | 0 | 8 | 0 | 0 | 80 | 105 | 118.75 | 0 | 2 | 9.62 | 36.70 |
| Literature - American | 0 | 8 | 2 | 0 | 70 | 52 | 114.63 | 0 | 2 | 12.52 | 31.60 |
| Literature - World | 0 | 7 | 0 | 2 | 70 | 82 | 116.71 | 0 | 1 | 7.94 | 28.94 |
| Literature - British | 0 | 7 | 1 | 0 | 65 | 77 | 106.14 | 2 | 3 | 12.26 | 32.43 |
| Fine Arts - Painting & Sculpture | 0 | 6 | 1 | 0 | 55 | 15 | 83.83 | 2 | 4 | 14.72 | 29.90 |
| Science - Physics | 0 | 6 | 1 | 0 | 55 | 46 | 102.17 | 1 | 3 | 8.01 | 20.95 |
| Fine Arts - Other | 0 | 4 | 0 | 0 | 40 | 85 | 119.00 | 1 | 1 | 3.42 | 14.10 |
| Fine Arts - Classical Music | 0 | 4 | 1 | 0 | 35 | 90 | 107.25 | 0 | 1 | 5.80 | 16.17 |
| Other Academic | 0 | 3 | 0 | 0 | 30 | 47 | 65.67 | 2 | 3 | 17.31 | 31.94 |
| History - Other | 0 | 3 | 0 | 1 | 30 | 62 | 90.33 | 1 | 2 | 5.53 | 14.67 |
| Religion | 0 | 3 | 0 | 0 | 30 | 93 | 111.33 | 0 | 1 | 3.35 | 9.09 |
| History - American | 0 | 4 | 2 | 2 | 30 | 34 | 85.00 | 2 | 2 | 8.36 | 14.46 |
| Social Science | 0 | 3 | 1 | 1 | 25 | 46 | 89.00 | 1 | 2 | 5.88 | 12.01 |
| Mythology | 0 | 2 | 0 | 0 | 20 | 77 | 96.00 | 0 | 1 | 8.89 | 20.22 |
| Geography | 0 | 2 | 0 | 0 | 20 | 123 | 136.00 | 0 | 0 | 1.65 | 13.69 |
| Science - Other | 0 | 2 | 0 | 0 | 20 | 92 | 92.50 | 0 | 1 | 3.55 | 8.81 |
| Science - Chemistry | 0 | 2 | 1 | 1 | 15 | 87 | 106.00 | 0 | 0 | 2.05 | 5.64 |
| History - World | 0 | 3 | 3 | 1 | 15 | 83 | 104.00 | 1 | 1 | 4.08 | 12.29 |
| History - European | 0 | 2 | 2 | 1 | 10 | 48 | 87.00 | 0 | 1 | 3.77 | 7.28 |
| Science - Biology | 0 | 1 | 0 | 0 | 10 | 67 | 67.00 | 0 | 1 | 2.92 | 5.15 |